<?xml version="1.0" encoding="UTF-8"?>
<collection xmlns="http://www.loc.gov/MARC21/slim">
 <record>
  <leader>00687pamaa2200217   4500</leader>
  <controlfield tag="001">0000022358</controlfield>
  <controlfield tag="005">20060510090000.0</controlfield>
  <datafield tag="020" ind1="0" ind2="0">
   <subfield code="a">0872203344 </subfield>
  </datafield>
  <datafield tag="082" ind1=" " ind2=" ">
   <subfield code="a">370.1 LOC</subfield>
  </datafield>
  <datafield tag="090" ind1="0" ind2="0">
   <subfield code="a">LB476.L6 </subfield>
   <subfield code="b">LOC 1996</subfield>
  </datafield>
  <datafield tag="100" ind1="1" ind2="0">
   <subfield code="a">LOCKE </subfield>
  </datafield>
  <datafield tag="245" ind1="1" ind2="0">
   <subfield code="a">Some thoughts concerning education and of the conduct of the understanding  </subfield>
   <subfield code="c">edited, with introduction by Ruth W. Grant and Nathan Tarcov.</subfield>
  </datafield>
  <datafield tag="260" ind1="0" ind2="0">
   <subfield code="a">Indianapolis: </subfield>
   <subfield code="b">Hackett Pub., </subfield>
   <subfield code="c">1996.</subfield>
  </datafield>
  <datafield tag="300" ind1=" " ind2=" ">
   <subfield code="a">227p.; </subfield>
   <subfield code="c">22cm.</subfield>
  </datafield>
  <datafield tag="650" ind1="0" ind2="0">
   <subfield code="a">Education -- </subfield>
   <subfield code="x">Philosophy </subfield>
  </datafield>
  <datafield tag="650" ind1="0" ind2="0">
   <subfield code="a">Intellect </subfield>
  </datafield>
  <datafield tag="650" ind1="0" ind2="0">
   <subfield code="a">Knowledge, Theory of </subfield>
  </datafield>
  <datafield tag="650" ind1="0" ind2="0">
   <subfield code="a">Reasoning </subfield>
  </datafield>
  <datafield tag="700" ind1="1" ind2="1">
   <subfield code="a">Grant, </subfield>
   <subfield code="h">Ruth W. </subfield>
  </datafield>
  <datafield tag="700" ind1="1" ind2="1">
   <subfield code="a">Tarcov, </subfield>
   <subfield code="h">Nathan </subfield>
  </datafield>
  <datafield tag="740" ind1="0" ind2="0">
   <subfield code="a">Of the conduct of the understanding</subfield>
  </datafield>
 </record>
</collection>
